000 00510nam a2200193 a 4500
001 1766046744428
003 YourLibrary
005 20251222113206.0
008 251218s2005##################000#0#eng##
020 _a9780820474977
082 0 4 _a234.163
_bNIC
100 1 _aNicholas, Richard A.,
_eauthor.
245 1 0 _aThe Eucharist as the Center of Theology :
260 _bPeter Lang,
_c2005.
300 _a384 pages
650 0 _aReligion.
942 _cENGLISH
040 _aYourLibrary
_beng
_cYourLibrary
999 _c603980
_d603980